[Event "Izmailov Memorial op 17th"]
[Site "Tomsk"]
[Date "2013.06.18"]
[Round "8"]
[White "Popov, Vladimir Tajga"]
[Black "Kuzmin, Arseniy"]
[Result "1/2-1/2"]
[WhiteElo "2063"]
[BlackElo "1980"]
[PlyCount "117"]
[EventDate "2013.06.11"]
[EventType "swiss"]
[EventRounds "9"]
[EventCountry "RUS"]
[SourceTitle "EXT 2014"]
[Source "ChessBase"]
[SourceDate "2013.11.20"]
[SourceVersion "1"]
[SourceVersionDate "2013.11.20"]
[SourceQuality "1"]

1. e4 d6 2. Nc3 g6 3. d4 Bg7 4. Be3 Nd7 5. Bc4 Ngf6 6. f3 c6 7. Qd2 b5 8. Bd3 Nb6 9. Nge2 h5 10. 0-0 Qc7 11. Rae1 e5 12. dxe5 dxe5 13. Bg5 Be6 14. f4 Ng4 15. f5 Bc4 16. fxg6 fxg6 17. Rf3 Be6 18. Ref1 Nd7 19. b4 a5 20. a3 axb4 21. axb4 Qd6 22. Kh1 Bh6 23. h3 Bg7 24. Kg1 Nh6 25. Rd1 Nf7 26. Qe3 Qxb4 27. Kh2 Qc5 28. Bxb5 cxb5 29. Rxd7 Qxe3 30. Re7+ Kf8 31. Rexf7+ Bxf7 32. Bxe3 Kg8 33. Nxb5 Ra2 34. Bg5 Bc4 35. Nec3 Rb2 36. Nd6 Be6 37. Nd5 Bxd5 38. exd5 Rxc2 39. Ne8 Rc8 40. Nxg7 Kxg7 41. Bf6+ Kh6 42. Bxh8 Rxh8 43. Rd3 Kg5 44. Kg3 e4 45. Rd1 Rf8 46. h4+ Kh6 47. Rd4 Rf5 48. d6 e3 49. Re4 Rd5 50. Rxe3 Kg7 51. Kf3 Kf7 52. Re7+ Kf6 53. Rd7 Ke6 54. Rd8 Rxd6 55. Re8+ Kf6 56. Ke3 Ra6 57. Re4 Ra5 58. Rf4+ Ke6 59. Rb4 1/2-1/2

[Event "Chigorin Memorial 20th"]
[Site "St Petersburg"]
[Date "2012.10.29"]
[Round "3"]
[White "Tarakanova, Valeria"]
[Black "Kuzmin, Arseniy"]
[Result "0-1"]
[WhiteElo "1778"]
[BlackElo "1982"]
[PlyCount "58"]
[EventDate "2012.10.27"]
[EventType "swiss"]
[EventRounds "9"]
[EventCountry "RUS"]
[SourceTitle "EXT 2013"]
[Source "ChessBase"]
[SourceDate "2012.11.22"]
[SourceVersion "1"]
[SourceVersionDate "2012.11.22"]
[SourceQuality "1"]

1. e4 d6 2. d4 g6 3. f4 Bg7 4. Nf3 Nf6 5. Nc3 0-0 6. Bc4 c5 7. d5 Bg4 8. 0-0 Nbd7 9. h3 Bxf3 10. Qxf3 Ne8 11. Bd2 Nc7 12. Rae1 Rb8 13. a4 a6 14. a5 b5 15. axb6 Nxb6 16. Ba2 Nd7 17. Qg3 Nb5 18. e5 Nd4 19. exd6 exd6 20. Ne4 Nf6 21. Nxf6+ Bxf6 22. Re4 Rxb2 23. Bb3 Nxb3 24. Be3 Nd4 25. Bc1 Rxc2 26. Qd3 Re8 27. Rfe1 Rxe4 28. Qxe4 Bh4 29. Rf1 Ne2+ 0-1

[Event "Chigorin Memorial 20th"]
[Site "St Petersburg"]
[Date "2012.10.27"]
[Round "1"]
[White "Svetlov, Dmitry"]
[Black "Kuzmin, Arseniy"]
[Result "1-0"]
[WhiteElo "2399"]
[BlackElo "1982"]
[PlyCount "107"]
[EventDate "2012.10.27"]
[EventType "swiss"]
[EventRounds "9"]
[EventCountry "RUS"]
[SourceTitle "EXT 2013"]
[Source "ChessBase"]
[SourceDate "2012.11.22"]
[SourceVersion "1"]
[SourceVersionDate "2012.11.22"]
[SourceQuality "1"]

1. d4 d6 2. Nf3 g6 3. c4 Bg7 4. g3 Nd7 5. Bg2 e5 6. 0-0 Ne7 7. Nc3 0-0 8. e4 exd4 9. Nxd4 Nc6 10. Nde2 a5 11. Be3 Nc5 12. Qd2 Be6 13. Nd5 Ne5 14. b3 a4 15. Rab1 axb3 16. axb3 f5 17. Bg5 Qd7 18. exf5 Bxf5 19. Ne7+ Kh8 20. Nxf5 Qxf5 21. Nd4 Qg4 22. Be3 Ne4 23. Qc2 Ng5 24. f4 c5 25. Nb5 Nef3+ 26. Kh1 Rfe8 27. Qf2 Qe6 28. Nc7 Qxe3 29. Nxe8 Qxf2 30. Rxf2 Rxe8 31. Bxf3 Nxf3 32. Rxf3 Bd4 33. b4 b6 34. bxc5 Bxc5 35. Ra1 Re7 36. Ra2 Kg7 37. Kg2 Kf6 38. Rc3 Kf5 39. Kf3 h5 40. h3 g5 41. g4+ hxg4+ 42. hxg4+ Kf6 43. fxg5+ Kxg5 44. Rh2 Kg6 45. Re2 Rf7+ 46. Kg3 Rf1 47. Rf3 Rg1+ 48. Kf4 Rc1 49. Re6+ Kf7 50. Re4 Kg6 51. g5 Rc2 52. Re6+ Kg7 53. g6 Rxc4+ 54. Kg5 1-0

[Event "Izmailov Memorial op 16th"]
[Site "Tomsk"]
[Date "2012.08.14"]
[Round "9"]
[White "Kuzmin, Arseniy"]
[Black "Yanuchenko, Polina"]
[Result "1-0"]
[WhiteElo "1989"]
[BlackElo "1856"]
[PlyCount "63"]
[EventDate "2012.08.06"]
[EventType "swiss"]
[EventRounds "9"]
[EventCountry "RUS"]
[SourceTitle "CBM 149 Extra"]
[Source "ChessBase"]
[SourceDate "2012.08.24"]
[SourceVersion "1"]
[SourceVersionDate "2012.08.24"]
[SourceQuality "1"]

1. d3 d5 2. e4 e6 3. Nf3 c5 4. Bf4 Nf6 5. e5 Nfd7 6. c4 Nc6 7. Nc3 d4 8. Nb5 a6 9. Na3 Qc7 10. Qe2 Be7 11. h4 b5 12. h5 b4 13. Nb1 0-0 14. h6 g6 15. g3 Bd8 16. Nbd2 f6 17. Ne4 fxe5 18. Bg5 Bb7 19. Bxd8 Raxd8 20. Bh3 Rde8 21. Nfg5 Nd8 22. Bg2 Nf7 23. Nxf7 Rxf7 24. 0-0 Rf5 25. Bh3 Rf7 26. Rae1 Nf6 27. Nxf6+ Rxf6 28. Qxe5 Qc6 29. Re4 Ref8 30. Bxe6+ Kh8 31. Bd5 Qd7 32. Rf4 1-0

[Event "Izmailov Memorial op 16th"]
[Site "Tomsk"]
[Date "2012.08.08"]
[Round "3"]
[White "Aleksandrov, Zakhar"]
[Black "Kuzmin, Arseniy"]
[Result "1-0"]
[WhiteElo "2129"]
[BlackElo "1989"]
[PlyCount "63"]
[EventDate "2012.08.06"]
[EventType "swiss"]
[EventRounds "9"]
[EventCountry "RUS"]
[SourceTitle "CBM 149 Extra"]
[Source "ChessBase"]
[SourceDate "2012.08.24"]
[SourceVersion "1"]
[SourceVersionDate "2012.08.24"]
[SourceQuality "1"]

1. d4 d6 2. Nf3 g6 3. e4 Bg7 4. c4 Nd7 5. Nc3 e5 6. d5 Ngf6 7. Be2 0-0 8. 0-0 h6 9. Nd2 a5 10. a3 Ne8 11. Rb1 f5 12. b4 f4 13. Nb3 axb4 14. axb4 Ndf6 15. c5 g5 16. h3 Rf7 17. cxd6 cxd6 18. Na5 Bf8 19. Ra1 Rb8 20. Kh2 Rg7 21. g4 h5 22. f3 Rh7 23. Kg2 hxg4 24. hxg4 Rh4 25. Rh1 Rxh1 26. Qxh1 Qe7 27. Bd2 Qg7 28. Qg1 Nc7 29. Qb6 Nfe8 30. Rc1 Be7 31. Nb5 Bd8 32. Nc6 1-0

[Event "Izmailov Memorial op 16th"]
[Site "Tomsk"]
[Date "2012.08.06"]
[Round "1"]
[White "Ponomarev, Dmitry"]
[Black "Kuzmin, Arseniy"]
[Result "1-0"]
[WhiteElo "2391"]
[BlackElo "1989"]
[PlyCount "69"]
[EventDate "2012.08.06"]
[EventType "swiss"]
[EventRounds "9"]
[EventCountry "RUS"]
[SourceTitle "CBM 149 Extra"]
[Source "ChessBase"]
[SourceDate "2012.08.24"]
[SourceVersion "1"]
[SourceVersionDate "2012.08.24"]
[SourceQuality "1"]

1. d4 d6 2. Nf3 g6 3. e4 Bg7 4. Bc4 Nf6 5. Qe2 0-0 6. 0-0 c6 7. Bb3 Bg4 8. Rd1 d5 9. e5 Nfd7 10. Nbd2 e6 11. h3 Bxf3 12. Nxf3 Qc7 13. Bg5 Re8 14. Rac1 b5 15. c3 a6 16. h4 c5 17. h5 Nc6 18. Bc2 c4 19. Bd2 a5 20. hxg6 fxg6 21. g3 b4 22. Kg2 a4 23. Rh1 b3 24. axb3 cxb3 25. Bb1 Na5 26. Ng5 Nf8 27. Rcd1 Nc4 28. Bc1 a3 29. bxa3 Qe7 30. Nxh7 Nxh7 31. Rxh7 Kxh7 32. Qh5+ Kg8 33. Bxg6 b2 34. Qh7+ Kf8 35. Bh6 1-0

[Event "Izmailov Memorial op 15th"]
[Site "Tomsk"]
[Date "2011.06.06"]
[Round "6"]
[White "Kuzmin, Arseniy"]
[Black "Garmaev, Zhargal"]
[Result "0-1"]
[WhiteElo "1944"]
[BlackElo "2041"]
[PlyCount "102"]
[EventDate "2011.06.01"]
[EventType "swiss"]
[EventRounds "9"]
[EventCountry "RUS"]
[SourceTitle "EXT 2013"]
[Source "ChessBase"]
[SourceDate "2012.11.22"]
[SourceVersion "1"]
[SourceVersionDate "2012.11.22"]
[SourceQuality "1"]

1. e4 e5 2. d3 Nc6 3. g3 g6 4. Bg2 Bg7 5. Nf3 Nf6 6. 0-0 0-0 7. Be3 d6 8. h3 Bd7 9. Qd2 Ne8 10. Bh6 f5 11. Bxg7 Nxg7 12. Nc3 Qc8 13. Kh2 f4 14. Nd5 Ne6 15. b4 Kg7 16. c3 Qd8 17. d4 Ng5 18. Qd3 h5 19. Nxg5 Qxg5 20. Nxc7 Rac8 21. Nb5 Rf6 22. Na3 Rcf8 23. Rfd1 h4 24. g4 f3 25. Bf1 Qf4+ 26. Kh1 Bxg4 27. hxg4 Qxg4 28. Nc4 h3 29. Ne3 Qg5 30. Nd5 h2 31. Bh3 Rh8 32. Qf1 Rff8 33. Rd3 Qh4 34. Bd7 Qxe4 35. Nc7 Nd8 36. Ne8+ Rxe8 37. Bxe8 Ne6 38. Bd7 Ng5 39. Re3 Qf4 40. dxe5 dxe5 41. Rae1 e4 42. Rd1 Rh4 43. Rd5 Nf7 44. Rd4 Ng5 45. a4 Kh6 46. a5 Rh5 47. b5 Qh4 48. Qc1 Qf4 49. Rd5 Qc7 50. Rd4 Qe5 51. Qf1 Qf4 0-1

[Event "Izmailov Memorial op 15th"]
[Site "Tomsk"]
[Date "2011.06.04"]
[Round "4"]
[White "Lozhnikov, Vyacheslav"]
[Black "Kuzmin, Arseniy"]
[Result "1-0"]
[WhiteElo "2277"]
[BlackElo "1944"]
[PlyCount "119"]
[EventDate "2011.06.01"]
[EventType "swiss"]
[EventRounds "9"]
[EventCountry "RUS"]
[SourceTitle "EXT 2013"]
[Source "ChessBase"]
[SourceDate "2012.11.22"]
[SourceVersion "1"]
[SourceVersionDate "2012.11.22"]
[SourceQuality "1"]

1. d4 d6 2. Nf3 g6 3. c4 Bg7 4. Nc3 Nc6 5. h3 e5 6. d5 Nce7 7. e4 h6 8. Be2 f5 9. Nh4 f4 10. Bg4 Nf6 11. Bxc8 Qxc8 12. Qc2 g5 13. Nf3 Ng6 14. Bd2 Qd7 15. 0-0-0 Qe7 16. b4 Kf7 17. Ne1 a5 18. a3 Nd7 19. Nf3 Nb6 20. Qb3 Rhb8 21. Kb2 Nf8 22. Ne1 Nh7 23. Nd3 Nf6 24. f3 Nh5 25. Be1 Ra6 26. Bf2 Nc8 27. Ra1 b6 28. Ra2 Raa8 29. Kc2 Qd7 30. Kd2 Ne7 31. Qc2 Ng6 32. c5 Ng3 33. Rg1 h5 34. Na4 b5 35. Nc3 a4 36. Qd1 Qe7 37. Qe1 h4 38. Rc2 Qd7 39. Qc1 Bf6 40. Nb1 Bd8 41. Rc3 Ne7 42. Qc2 Kf8 43. Kc1 Kg8 44. Kb2 Kg7 45. Rc1 Kf8 46. Ne1 Kg7 47. Qd3 Nc8 48. R3c2 dxc5 49. Bxc5 Nd6 50. Nd2 Rb7 51. Bf2 Rab8 52. Ka2 Kf6 53. Rc6 Ra8 54. R1c2 Kf7 55. Qc3 Kf6 56. Nd3 Ne2 57. Qxe5+ Kg6 58. Nc5 Qf7 59. Nxb7 Bf6 60. Nxd6 1-0

[Event "Moscow op-E"]
[Site "Moscow"]
[Date "2011.02.06"]
[Round "9.170"]
[White "Kuzmin, Arseniy"]
[Black "Khazankin, Moisey"]
[Result "1/2-1/2"]
[WhiteElo "1948"]
[BlackElo "2138"]
[PlyCount "99"]
[EventDate "2011.01.29"]
[EventType "swiss"]
[EventRounds "9"]
[EventCountry "RUS"]
[SourceTitle "EXT 2022"]
[Source "ChessBase"]
[SourceDate "2021.10.06"]
[SourceVersion "1"]
[SourceVersionDate "2021.10.06"]
[SourceQuality "1"]

1. d3 g6 2. g3 Bg7 3. Bg2 d5 4. Nc3 Nf6 5. e4 dxe4 6. Nxe4 Nxe4 7. dxe4 Qxd1+ 8. Kxd1 Nc6 9. c3 0-0 10. Bf4 e5 11. Be3 Be6 12. Kc2 a5 13. Nh3 a4 14. f3 Na5 15. Bf1 Nc4 16. Bxc4 Bxc4 17. Rhe1 Rfd8 18. Nf2 f5 19. exf5 gxf5 20. b3 Bd5 21. f4 e4 22. h3 Be6 23. g4 Rd6 24. Bd2 Rad8 25. Rad1 axb3+ 26. axb3 Bxb3+ 27. Kxb3 Rxd2 28. gxf5 Rxd1 29. Rxd1 Rxd1 30. Nxd1 Bh6 31. Kc4 Bxf4 32. Kd4 e3 33. Nxe3 Bxe3+ 34. Kxe3 Kf7 35. c4 Kf6 36. Ke4 h5 37. h4 b6 38. Kd5 Kxf5 39. Kc6 Ke5 40. Kxc7 Kd4 41. Kxb6 Kxc4 42. Kc6 Kd4 43. Kb5 Ke5 44. Kc4 Ke4 45. Kc3 Kf4 46. Kd3 Kf3 47. Kd2 Kf2 48. Kd3 Kg3 49. Ke3 Kxh4 50. Kf2 1/2-1/2

[Event "Moscow op-E"]
[Site "Moscow"]
[Date "2011.02.04"]
[Round "7.233"]
[White "Kuzmin, Arseniy"]
[Black "Amelichkin, Nikolay"]
[Result "1-0"]
[WhiteElo "1948"]
[BlackElo "1762"]
[PlyCount "119"]
[EventDate "2011.01.29"]
[EventType "swiss"]
[EventRounds "9"]
[EventCountry "RUS"]
[SourceTitle "EXT 2022"]
[Source "ChessBase"]
[SourceDate "2021.10.06"]
[SourceVersion "1"]
[SourceVersionDate "2021.10.06"]
[SourceQuality "1"]

1. d3 e5 2. g3 d5 3. Bg2 Be6 4. Nf3 Nc6 5. 0-0 h6 6. h3 Qd7 7. Kh2 g5 8. Ne1 f5 9. e3 0-0-0 10. f4 e4 11. d4 Bd6 12. b3 Qg7 13. Bb2 Nge7 14. Qe2 a6 15. c4 Ng6 16. Nc3 gxf4 17. gxf4 Bb4 18. cxd5 Bxc3 19. dxc6 Bxb2 20. cxb7+ Kxb7 21. Qxb2 Nh4 22. Qf2 Qe7 23. Rg1 Rhg8 24. Bf1 Rxg1 25. Kxg1 Rg8+ 26. Kh2 Bd7 27. Bc4 Rg6 28. Rc1 Bb5 29. Bxb5 axb5 30. Rc5 c6 31. a4 b4 32. Rc2 Rg8 33. Rd2 Qg7 34. Rd1 h5 35. Rc1 Qg6 36. a5 Rg7 37. Ra1 Ka7 38. Rc1 Qf6 39. Rc4 Qg6 40. Rxb4 Nf3+ 41. Nxf3 exf3 42. Rc4 Qg2+ 43. Qxg2 Rxg2+ 44. Kh1 Rg3 45. Rxc6 f2 46. Rc1 Rxe3 47. Kg2 Re1 48. Rc7+ Kb8 49. Kxf2 Re4 50. Rd7 Rxf4+ 51. Kg3 Re4 52. b4 Re3+ 53. Kf4 Rxh3 54. Kxf5 Rb3 55. a6 Rxb4 56. a7+ Ka8 57. Kg5 Rb5+ 58. d5 Rb7 59. Rxb7 Kxb7 60. d6 1-0

[Event "Moscow op-E"]
[Site "Moscow"]
[Date "2011.02.02"]
[Round "5.156"]
[White "Kuzmin, Arseniy"]
[Black "Borisov, Evgenij"]
[Result "0-1"]
[WhiteElo "1948"]
[BlackElo "2115"]
[PlyCount "58"]
[EventDate "2011.01.29"]
[EventType "swiss"]
[EventRounds "9"]
[EventCountry "RUS"]
[SourceTitle "EXT 2022"]
[Source "ChessBase"]
[SourceDate "2021.10.06"]
[SourceVersion "1"]
[SourceVersionDate "2021.10.06"]
[SourceQuality "1"]

1. d3 g6 2. g3 Bg7 3. Bg2 c5 4. e4 Nc6 5. Ne2 Rb8 6. 0-0 d6 7. h3 e6 8. f4 Nge7 9. c3 0-0 10. g4 f5 11. exf5 gxf5 12. g5 Bd7 13. Nd2 b5 14. Nf3 b4 15. Bd2 bxc3 16. Bxc3 e5 17. h4 Nd4 18. fxe5 dxe5 19. Nc1 Bb5 20. Re1 Qd6 21. Nb3 Bc6 22. Na5 Bxf3 23. Bxf3 e4 24. Bg2 Qg3 25. Kf1 Nd5 26. Qd2 Qxh4 27. Bxd4 Bxd4 28. Rab1 Nf4 29. Nc6 Nxd3 0-1

[Event "Moscow op-E"]
[Site "Moscow"]
[Date "2011.01.31"]
[Round "3.161"]
[White "Papazian, Eduard"]
[Black "Kuzmin, Arseniy"]
[Result "1-0"]
[WhiteElo "2151"]
[BlackElo "1948"]
[PlyCount "55"]
[EventDate "2011.01.29"]
[EventType "swiss"]
[EventRounds "9"]
[EventCountry "RUS"]
[SourceTitle "EXT 2022"]
[Source "ChessBase"]
[SourceDate "2021.10.06"]
[SourceVersion "1"]
[SourceVersionDate "2021.10.06"]
[SourceQuality "1"]

1. d4 d6 2. c4 e5 3. Nf3 Nc6 4. Nc3 exd4 5. Nxd4 Nge7 6. e4 g6 7. Bg5 Bg7 8. Nd5 Qd7 9. Nf6+ Bxf6 10. Bxf6 Rg8 11. Be2 Nxd4 12. Bxd4 Nc6 13. Be3 Qe7 14. 0-0 b6 15. Qa4 Bb7 16. Bg4 Qe5 17. c5 Kf8 18. cxd6 cxd6 19. Bh6+ Ke7 20. Rad1 g5 21. f4 Qc5+ 22. Kh1 gxf4 23. Bh3 Qb4 24. Qc2 Qc5 25. Qe2 Rad8 26. Rd5 Qe3 27. Qc2 f6 28. Bxf4 1-0

[Event "Moscow op-E"]
[Site "Moscow"]
[Date "2011.01.29"]
[Round "1.112"]
[White "Tenikashvili, Georgij"]
[Black "Kuzmin, Arseniy"]
[Result "1-0"]
[WhiteElo "2339"]
[BlackElo "1948"]
[PlyCount "41"]
[EventDate "2011.01.29"]
[EventType "swiss"]
[EventRounds "9"]
[EventCountry "RUS"]
[SourceTitle "EXT 2022"]
[Source "ChessBase"]
[SourceDate "2021.10.06"]
[SourceVersion "1"]
[SourceVersionDate "2021.10.06"]
[SourceQuality "1"]

1. d4 d6 2. Nf3 g6 3. c4 Bg7 4. Nc3 Nf6 5. Bg5 h6 6. Bh4 0-0 7. e3 Nbd7 8. Be2 c5 9. Qc2 a6 10. 0-0 Rb8 11. Rfd1 Qc7 12. Rac1 b6 13. b3 Bb7 14. h3 Rbe8 15. Bg3 Nh5 16. Bh2 f5 17. Nh4 f4 18. Qxg6 fxe3 19. fxe3 cxd4 20. exd4 Nhf6 21. Nf5 1-0

[Event "Berdsk-ch"]
[Site "Berdsk"]
[Date "2011.01.06"]
[Round "5"]
[White "Kuzmin, Arseniy"]
[Black "Feoktistov, Nikita"]
[Result "1-0"]
[WhiteElo "1948"]
[BlackElo "2055"]
[PlyCount "131"]
[EventDate "2011.01.02"]
[EventType "swiss"]
[EventRounds "9"]
[EventCountry "RUS"]
[SourceTitle "CBM 140 Extra"]
[Source "ChessBase"]
[SourceDate "2011.03.01"]
[SourceVersion "1"]
[SourceVersionDate "2011.03.01"]
[SourceQuality "1"]

1. d3 c5 2. g3 Nc6 3. Bg2 g6 4. e4 Bg7 5. Ne2 d6 6. 0-0 Nf6 7. h3 0-0 8. Nbc3 e6 9. f4 d5 10. g4 d4 11. Nb1 Rb8 12. Ng3 b5 13. f5 exf5 14. exf5 Bb7 15. Bf4 Rc8 16. g5 Nd5 17. f6 Bh8 18. Ne4 Nxf4 19. Rxf4 Ne5 20. Nbd2 Bxe4 21. Rxe4 Qc7 22. Qe2 Nc6 23. a3 h6 24. h4 a6 25. Re1 Kh7 26. Qg4 Rb8 27. Qf4 Qd7 28. R4e2 h5 29. Bxc6 Qxc6 30. Re7 Rbe8 31. Qe4 Rc8 32. Qxc6 Rxc6 33. Re8 Rxe8 34. Rxe8 c4 35. dxc4 bxc4 36. Rd8 c3 37. bxc3 Rxc3 38. Rxd4 Rxc2 39. Kf2 Rc6 40. Ne4 Rc2+ 41. Kg3 Rc7 42. a4 a5 43. Kf4 Rc6 44. Ke5 Re6+ 45. Kd5 Rb6 46. Kc5 Re6 47. Kb5 Re5+ 48. Kb6 Rf5 49. Nd6 Rf3 50. Kxa5 Bxf6 51. gxf6 Rxf6 52. Kb5 Kg8 53. a5 Kf8 54. a6 Ke7 55. Nc8+ Ke8 56. a7 Rf5+ 57. Kb6 Rf3 58. a8Q Rb3+ 59. Kc5 Kf8 60. Nd6+ Kg7 61. Nxf7 g5 62. Qh8+ Kxf7 63. Rd7+ Ke6 64. Qg8+ Kxd7 65. Qxb3 Ke7 66. hxg5 1-0

[Event "Berdsk op"]
[Site "Berdsk"]
[Date "2010.01.10"]
[Round "9"]
[White "Kuzmin, Arseniy"]
[Black "Klimentieva, Zoja"]
[Result "1/2-1/2"]
[WhiteElo "1941"]
[BlackElo "2003"]
[PlyCount "63"]
[EventDate "2010.01.02"]
[EventType "swiss"]
[EventRounds "9"]
[EventCountry "RUS"]
[SourceTitle "CBM 134 Extra"]
[Source "ChessBase"]
[SourceDate "2010.03.03"]
[SourceVersion "1"]
[SourceVersionDate "2010.03.03"]
[SourceQuality "1"]

1. Nf3 Nc6 2. b3 e5 3. Bb2 d6 4. e3 Nf6 5. Bb5 Bd7 6. 0-0 a6 7. Bxc6 Bxc6 8. d4 e4 9. Nfd2 d5 10. a3 Be7 11. c4 h6 12. Nc3 b5 13. Qc2 0-0 14. cxd5 Bxd5 15. Nxd5 Qxd5 16. Qxc7 Bd6 17. Qc2 Rac8 18. Qd1 Rc7 19. Rc1 Rfc8 20. Rxc7 Rxc7 21. Qb1 Re7 22. h3 Qh5 23. Qd1 Qh4 24. Re1 h5 25. Nf1 Nd5 26. Qd2 Re6 27. Ng3 Bxg3 28. fxg3 Qxg3 29. Qf2 Qxf2+ 30. Kxf2 Rc6 31. Rc1 Rxc1 32. Bxc1 1/2-1/2

[Event "Berdsk op"]
[Site "Berdsk"]
[Date "2010.01.06"]
[Round "5"]
[White "Kuzmin, Arseniy"]
[Black "Latyev, Yury"]
[Result "1/2-1/2"]
[WhiteElo "1941"]
[BlackElo "2016"]
[PlyCount "88"]
[EventDate "2010.01.02"]
[EventType "swiss"]
[EventRounds "9"]
[EventCountry "RUS"]
[SourceTitle "CBM 134 Extra"]
[Source "ChessBase"]
[SourceDate "2010.03.03"]
[SourceVersion "1"]
[SourceVersionDate "2010.03.03"]
[SourceQuality "1"]

1. Nf3 Nf6 2. b3 g6 3. Bb2 Bg7 4. e3 0-0 5. d4 d6 6. c4 Nbd7 7. Nbd2 c5 8. Bd3 b6 9. 0-0 Bb7 10. Qc2 Re8 11. e4 cxd4 12. Nxd4 Nc5 13. f3 Nh5 14. b4 Nxd3 15. Qxd3 Nf4 16. Qe3 e5 17. Ne2 Bh6 18. Nxf4 Bxf4 19. Qe2 h5 20. Rfd1 h4 21. Nf1 a5 22. a3 Qe7 23. Bc1 b5 24. Bxf4 exf4 25. c5 dxc5 26. Qxb5 axb4 27. axb4 cxb4 28. Rab1 Ba6 29. Qxb4 Qa7+ 30. Qb6 Qxb6+ 31. Rxb6 Bc4 32. Rb4 Be6 33. h3 Ra2 34. Rbd4 Kg7 35. R4d2 Rea8 36. Nh2 Rxd2 37. Rxd2 Ra1+ 38. Kf2 Bc4 39. Rc2 Ba6 40. Rd2 Kf8 41. Rd8+ Ke7 42. Rd2 Ke6 43. Rd5 f5 44. Rd4 Ke5 1/2-1/2

[Event "Berdsk op"]
[Site "Berdsk"]
[Date "2010.01.02"]
[Round "1"]
[White "Kuznetsov, Evgeny"]
[Black "Kuzmin, Arseniy"]
[Result "1-0"]
[WhiteElo "2171"]
[BlackElo "1941"]
[PlyCount "166"]
[EventDate "2010.01.02"]
[EventType "swiss"]
[EventRounds "9"]
[EventCountry "RUS"]
[SourceTitle "CBM 134 Extra"]
[Source "ChessBase"]
[SourceDate "2010.03.03"]
[SourceVersion "1"]
[SourceVersionDate "2010.03.03"]
[SourceQuality "1"]

1. e4 c5 2. Nc3 d6 3. Bc4 Nf6 4. f4 Nc6 5. Nf3 Bg4 6. 0-0 g6 7. h3 Bxf3 8. Qxf3 Bg7 9. d3 Qd7 10. Qf2 0-0 11. Be3 e6 12. Bb3 b6 13. Rae1 d5 14. Bc1 Nd4 15. e5 Ne8 16. Nb1 a5 17. c3 Nxb3 18. axb3 Nc7 19. Nd2 Na6 20. Nf3 Nb8 21. f5 exf5 22. Qh4 Nc6 23. Bg5 Rae8 24. Bf6 h6 25. g4 f4 26. Bxg7 Kxg7 27. Qf6+ Kh7 28. Qxf4 Re6 29. h4 Ne7 30. Kg2 Qb5 31. Qg3 Qxb3 32. Rf2 Qa4 33. Ref1 Kg7 34. Nd2 Qc6 35. Rf6 d4+ 36. Kh2 Nd5 37. Qf3 Nxf6 38. exf6+ Rxf6 39. Qxc6 Rxc6 40. c4 Re6 41. Ne4 f5 42. gxf5 gxf5 43. Ng3 Kg6 44. Rf2 Re3 45. Ne2 Kf6 46. Nf4 Re5 47. Nh5+ Ke7 48. Nf4 Rg8 49. h5 Rg4 50. Ng6+ Rxg6 51. hxg6 Kf6 52. Rg2 Kg7 53. Kg3 Kxg6 54. Kf4+ Kf6 55. Rh2 Re3 56. Rxh6+ Kg7 57. Rxb6 Rxd3 58. Rb5 Rd1 59. Kxf5 d3 60. Ke4 d2 61. Kd3 Rc1 62. Kxd2 Rxc4 63. Rxa5 Kf7 64. b3 Rd4+ 65. Kc3 Rd5 66. Kc4 Ke6 67. Rxc5 Rd1 68. Kb5 Rb1 69. b4 Kd6 70. Rc2 Kd7 71. Ka5 Ra1+ 72. Kb6 Rb1 73. b5 Ra1 74. Kb7 Rb1 75. Rd2+ Ke8 76. b6 Ra1 77. Kb8 Rb1 78. b7 Ra1 79. Rd4 Rb1 80. Kc7 Rc1+ 81. Kb6 Rb1+ 82. Kc6 Rc1+ 83. Kb5 Rb1+ 1-0